<?xml version="1.0" encoding="UTF-8"?>
<collection xmlns="http://www.loc.gov/MARC21/slim">
 <record>
  <leader>01477nam a22003375a 4500</leader>
  <controlfield tag="001">CEM.cems003385</controlfield>
  <controlfield tag="005">20110223090501.0</controlfield>
  <controlfield tag="008">130507s1980##################000#0#####d</controlfield>
  <controlfield tag="003">CEMS</controlfield>
  <datafield tag="020" ind1=" " ind2=" ">
   <subfield code="a">950166340X</subfield>
  </datafield>
  <datafield tag="082" ind1="0" ind2="4">
   <subfield code="a">930</subfield>
  </datafield>
  <datafield tag="100" ind1="1" ind2=" ">
   <subfield code="a">Ibañez, José Cosmelli</subfield>
  </datafield>
  <datafield tag="245" ind1="1" ind2="0">
   <subfield code="a">Historia 1 :</subfield>
   <subfield code="b">desde la prehistoria hasta los comienzos de la modernidad /</subfield>
   <subfield code="c">José Cosmelli Ibañez</subfield>
  </datafield>
  <datafield tag="250" ind1=" " ind2=" ">
   <subfield code="a">3a. ed.</subfield>
  </datafield>
  <datafield tag="260" ind1=" " ind2=" ">
   <subfield code="a">Buenos Aires :</subfield>
   <subfield code="b">Troquel,</subfield>
   <subfield code="c">1980</subfield>
  </datafield>
  <datafield tag="300" ind1=" " ind2=" ">
   <subfield code="a">438 p.</subfield>
  </datafield>
  <datafield tag="653" ind1=" " ind2=" ">
   <subfield code="a">Historia</subfield>
  </datafield>
  <datafield tag="653" ind1=" " ind2=" ">
   <subfield code="a">Historia antigua</subfield>
  </datafield>
  <datafield tag="653" ind1=" " ind2=" ">
   <subfield code="a">Historia medieval</subfield>
  </datafield>
  <datafield tag="653" ind1=" " ind2=" ">
   <subfield code="a">Historia-1ero cbc</subfield>
  </datafield>
  <datafield tag="859" ind1=" " ind2=" ">
   <subfield code="a">CEMS</subfield>
   <subfield code="b">BIB. CEMS - 11 de abril</subfield>
   <subfield code="h">930</subfield>
   <subfield code="i">Ib1-2a3</subfield>
   <subfield code="p">11779.83</subfield>
   <subfield code="t">Ej.5</subfield>
   <subfield code="v">I</subfield>
   <subfield code="3">I</subfield>
  </datafield>
  <datafield tag="859" ind1=" " ind2=" ">
   <subfield code="a">CEMS</subfield>
   <subfield code="b">BIB. CEMS - 11 de abril</subfield>
   <subfield code="h">930</subfield>
   <subfield code="i">Ib1-2a3</subfield>
   <subfield code="p">11886.83</subfield>
   <subfield code="t">Ej.1</subfield>
   <subfield code="v">I</subfield>
   <subfield code="3">I</subfield>
  </datafield>
  <datafield tag="859" ind1=" " ind2=" ">
   <subfield code="a">CEMS</subfield>
   <subfield code="b">BIB. CEMS - 11 de abril</subfield>
   <subfield code="h">930</subfield>
   <subfield code="i">Ib1-2a3</subfield>
   <subfield code="p">11887.83</subfield>
   <subfield code="t">Ej.2</subfield>
   <subfield code="v">I</subfield>
   <subfield code="3">I</subfield>
  </datafield>
  <datafield tag="859" ind1=" " ind2=" ">
   <subfield code="a">CEMS</subfield>
   <subfield code="b">BIB. CEMS - 11 de abril</subfield>
   <subfield code="h">930</subfield>
   <subfield code="i">Ib1-2a3</subfield>
   <subfield code="p">11888.83</subfield>
   <subfield code="t">Ej.3</subfield>
   <subfield code="v">I</subfield>
   <subfield code="3">I</subfield>
  </datafield>
  <datafield tag="859" ind1=" " ind2=" ">
   <subfield code="a">CEMS</subfield>
   <subfield code="b">BIB. CEMS - 11 de abril</subfield>
   <subfield code="h">930</subfield>
   <subfield code="i">Ib1-2a3</subfield>
   <subfield code="p">12474.83</subfield>
   <subfield code="t">Ej.6</subfield>
   <subfield code="v">I</subfield>
   <subfield code="3">I</subfield>
  </datafield>
  <datafield tag="859" ind1=" " ind2=" ">
   <subfield code="a">CEMS</subfield>
   <subfield code="b">BIB. CEMS - 11 de abril</subfield>
   <subfield code="h">930</subfield>
   <subfield code="i">Ib1-2a3</subfield>
   <subfield code="p">12475.83</subfield>
   <subfield code="t">Ej.7</subfield>
   <subfield code="v">I</subfield>
   <subfield code="3">I</subfield>
  </datafield>
  <datafield tag="859" ind1=" " ind2=" ">
   <subfield code="a">CEMS</subfield>
   <subfield code="b">BIB. CEMS - 11 de abril</subfield>
   <subfield code="h">930</subfield>
   <subfield code="i">Ib1-2a3</subfield>
   <subfield code="p">12476.83</subfield>
   <subfield code="t">Ej.8</subfield>
   <subfield code="v">I</subfield>
   <subfield code="3">I</subfield>
  </datafield>
  <datafield tag="859" ind1=" " ind2=" ">
   <subfield code="a">CEMS</subfield>
   <subfield code="b">BIB. CEMS - 11 de abril</subfield>
   <subfield code="h">930</subfield>
   <subfield code="i">Ib1-2a3</subfield>
   <subfield code="p">13811.86</subfield>
   <subfield code="t">Ej.9</subfield>
   <subfield code="v">I</subfield>
   <subfield code="3">I</subfield>
  </datafield>
  <datafield tag="859" ind1=" " ind2=" ">
   <subfield code="a">CEMS</subfield>
   <subfield code="b">BIB. CEMS - 11 de abril</subfield>
   <subfield code="h">930</subfield>
   <subfield code="i">Ib1-2a3</subfield>
   <subfield code="p">14331.86</subfield>
   <subfield code="t">Ej.10</subfield>
   <subfield code="v">I</subfield>
   <subfield code="3">I</subfield>
  </datafield>
  <datafield tag="859" ind1=" " ind2=" ">
   <subfield code="a">CEMS</subfield>
   <subfield code="b">BIB. CEMS - 11 de abril</subfield>
   <subfield code="h">930</subfield>
   <subfield code="i">Ib1-2a3</subfield>
   <subfield code="p">15892.90</subfield>
   <subfield code="t">Ej.4</subfield>
   <subfield code="v">I</subfield>
   <subfield code="3">I</subfield>
  </datafield>
  <datafield tag="859" ind1=" " ind2=" ">
   <subfield code="a">CEMS</subfield>
   <subfield code="b">BIB. CEMS - 11 de abril</subfield>
   <subfield code="h">930</subfield>
   <subfield code="i">Ib1-2a3</subfield>
   <subfield code="p">17140.93</subfield>
   <subfield code="t">Ej.11</subfield>
   <subfield code="v">I</subfield>
   <subfield code="3">I</subfield>
  </datafield>
 </record>
</collection>
